000 00392nam a22001697a 4500
005 20160620140147.0
008 160620b xxu||||| |||| 00| 0 eng d
020 _a81-89093-45-2
041 _aeng
082 _b8539
100 _aMishra, Stella
_92322
245 _aDictionary of Marketing and Sales
260 _bLotus
_c2004
300 _a222
650 _aManagement
_9241
942 _cBK
999 _c3273
_d3272